000114901 001__ 114901 000114901 005__ 20220606144017.0 000114901 037__ $$aGDOC-2021-29012 000114901 041__ $$aspa 000114901 041__ $$aeng 000114901 100__ $$1416083$$aAndrés Crevillén, Múgica 000114901 24500 $$929012$$aDerecho local, urbanístico y ambiental 000114901 24200 $$929012$$aLocal, Urban and Environmental Law 000114901 260__ $$aZaragoza$$bUniversidad de Zaragoza$$c2021-2022 000114901 521__ $$9136$$aGraduado en Gestión y Administración Pública$$bDegree in Public Management and Administration 000114901 540__ $$aby-nc-sa$$bCreative Commons$$c3.0$$uhttp://creativecommons.org/licenses/by-nc-sa/3.0/ 000114901 700__ $$1129103$$aMaría Lourdes Guillén, Figuerola 000114901 700__ $$0(orcid)0000-0002-4721-2567$$1141868$$aMaría del Mar Villagrasa, Rozas 000114901 830__ $$9429 000114901 8564_ $$s15023$$uhttps://zaguan.unizar.es/record/114901/files/guia-29012-en.pdf$$yGuide (english) 000114901 8564_ $$s24228$$uhttps://zaguan.unizar.es/record/114901/files/guia-29012-es.pdf$$yGuía (idioma español) 000114901 970__ $$aGDOC-2021-29012 000114901 980__ $$aGDOC$$bCiencias Sociales y Jurídicas$$bSocial Sciences and Law$$c228